বঙ্কিম-সাহিত্য সমাজ ও সাধনা / (Record no. 57154)
[ view plain ]
| 000 -LEADER | |
|---|---|
| fixed length control field | 01234nam a2200265 a 4500 |
| 001 - CONTROL NUMBER | |
| control field | 57154 |
| 003 - CONTROL NUMBER IDENTIFIER | |
| rucl marc code | BD-RjUL |
| 005 - DATE AND TIME OF LATEST TRANSACTION | |
| control field | 20211209080456.0 |
| 008 - FIXED-LENGTH DATA ELEMENTS--GENERAL INFORMATION | |
| fixed length control field | 161206s1967 ii ||||| b||| 00| f ben d |
| 020 ## - INTERNATIONAL STANDARD BOOK NUMBER | |
| Terms of availability | : Tk. 10.00 |
| 035 ## - SYSTEM CONTROL NUMBER | |
| System control number | (BD-RjUL)57278 |
| 040 ## - CATALOGING SOURCE | |
| Original cataloging agency | BD-RjUL |
| Language of cataloging | ben |
| Transcribing agency | BD-RjUL |
| 041 ## - LANGUAGE CODE | |
| Language code of text/sound track or separate title | ben |
| 082 ## - DEWEY DECIMAL CLASSIFICATION NUMBER | |
| Edition number | 23 |
| Classification number | 891.44309 |
| Author mark and year | MUB 1967 |
| 100 ## - MAIN ENTRY--PERSONAL NAME | |
| Personal name | মুখোপাধ্যায়, প্রশান্তবিহারী |
| 9 (RLIN) | 169770 |
| 245 10 - TITLE STATEMENT | |
| Title | বঙ্কিম-সাহিত্য সমাজ ও সাধনা / |
| Statement of responsibility, etc. | প্রশান্তবিহারী মুখোপাধ্যায় |
| 250 ## - EDITION STATEMENT | |
| Edition statement | ১ম সং. |
| 260 ## - PUBLICATION, DISTRIBUTION, ETC. (IMPRINT) | |
| Place of publication, distribution, etc. | নয়াদিল্লী : |
| Name of publisher, distributor, etc. | ওরিয়েণ্ট লংম্যানস, |
| Date of publication, distribution, etc. | ১৯৬৭ |
| 300 ## - PHYSICAL DESCRIPTION | |
| Pagination | [৮], ২৩৮ পৃ. ; |
| Size | ২৩ সেমি. |
| 500 ## - GENERAL NOTE | |
| General note | [ কলিকাতা বিশ্ববিদ্যাল্যের বিদ্যাসাগর-ভাষণ ] |
| 504 ## - BIBLIOGRAPHY, ETC. NOTE | |
| Bibliography, etc | গ্রন্থপঞ্জি সংযুক্ত |
| 650 ## - SUBJECT ADDED ENTRY--TOPICAL TERM | |
| Topical term or geographic name as entry element | বাংলা উপন্যাস |
| General subdivision | ইতিহাস ও সমালোচনা |
| 9 (RLIN) | 120092 |
| Topical term or geographic name as entry element | Bengali Fiction |
| General subdivision | History and Criticism |
| 9 (RLIN) | 118845 |
| 942 ## - ADDED ENTRY ELEMENTS (KOHA) | |
| Source of classification or shelving scheme | Dewey Decimal Classification |
| Koha item type | Books |
| Lost status | Source of classification or shelving scheme | Damaged status | Not for loan | Collection code | Permanent Location | Current Location | Shelving location | Date acquired | Source of acquisition | Cost, normal purchase price | Total Checkouts | Full call number | Date last seen | Copy number | Koha item type |
|---|---|---|---|---|---|---|---|---|---|---|---|---|---|---|---|
| Dewey Decimal Classification | Fiction | Central Library, University of Rajshahi | Central Library, University of Rajshahi | 07/10/1974 | Janathan Wren & co., London | 10.00 | B 891.44309 MUB 1967 | 06/12/2016 | C-2 | Books |